The quality systems manual

Αποθηκεύτηκε σε:
Λεπτομέρειες βιβλιογραφικής εγγραφής
Κύριος συγγραφέας: Hall, Terence J.
Μορφή: Βιβλίο
Γλώσσα:English
Δημοσίευση: Chichester ; New York : John Wiley, c1995
Θέματα:
Ετικέτες: Προσθήκη ετικέτας
Δεν υπάρχουν, Καταχωρήστε ετικέτα πρώτοι!

MARC

LEADER 00000nam a2200000 i 4500
001 1/77054
008 990401s1995 eng d
020 |a 0-471-95588-4 
035 |l 10049745 
040 |a GR-MY-UA  |b gre  |e aacr 
041 0 |a eng 
082 0 |a 658.562 
100 1 |a Hall, Terence J. 
245 1 4 |a The quality systems manual /  |c Terence J. Hall 
260 |a Chichester ; New York :   |b John Wiley,   |c c1995 
300 |a 400 p.;  |b ill.;  |c 25 cm. 
500 |a Includes index 
650 0 0 |a Quality assurance. 
852 |a INST  |b SAMOS  |e 19990401  |h 658.562 HAL  |p 005300013484  |q 005300013484  |t BK  |y 0 
901 |a BIBL-1999-1 
909 |a Σ  |b 060651 
922 |a 3ΕΛΗ  |b 199901  |c ΕΠΕΑΕΚ/ΜΑΘ  |d LEADER